000 00297nam a22001217a 4500
008 171023b xxu||||| |||| 00| 0 eng d
041 _aeng
080 _210 ED
_a338
100 _a54
101 _aMEN
245 _aOPERATIONS MANAGEMENT FOR COMPERATIVE ADVANTAGE
_cCHASE.J
942 _2udc
_cBK
999 _c35415
_d35415